LEADER 00838nam0-22002891i-450- 001 990002572360403321 035 $a000257236 035 $aFED01000257236 035 $a(Aleph)000257236FED01 035 $a000257236 100 $a20000920d1962----km-y0itay50------ba 101 0 $aENG 200 1 $aRecent Developments in Information and Decision Processes$fby Robert E. Machol , Paul Gray. 210 $aNew York$cMacMillan$d1962. 215 $ax, 197 p.$d24 cm 610 0 $aTeoria dell'informazione 676 $a001 702 1$aGray,$bPaul 702 1$aMachol,$bRobert Engel 801 0$aIT$bUNINA$gRICA$2UNIMARC 901 $aBK 912 $a990002572360403321 952 $aMXIX-C-11$b790$fMAS 959 $aMAS 996 $aRecent developments in information and decision processes$955887 997 $aUNINA DB $aING01 LEADER 01643oas 22006013a 450 001 9910338747203321 005 20251105213014.0 011 $a1944-8325 035 $a(OCoLC)60627048 035 $a(CONSER) 2008212229 035 $a(CKB)111056644984278 035 $a(EXLCZ)99111056644984278 100 $a20050614a20039999 uy a 101 0 $aeng 135 $aurun||||||||| 181 $ctxt$2rdacontent 182 $cc$2rdamedia 183 $acr$2rdacarrier 200 10$aNonlinear optics, quantum optics $econcepts in modern optics 210 $aPhiladelphia, PA $cOld City Pub 300 $aRefereed/Peer-reviewed 311 08$a1543-0537 517 3 $aConcepts in modern optics 606 $aNonlinear optics$vPeriodicals 606 $aQuantum optics$vPeriodicals 606 $aOptique non line?aire$vPe?riodiques 606 $aOptique quantique$vPe?riodiques 606 $aNonlinear optics$2fast$3(OCoLC)fst01038797 606 $aQuantum optics$2fast$3(OCoLC)fst01085118 608 $aPeriodicals.$2fast 615 0$aNonlinear optics 615 0$aQuantum optics 615 6$aOptique non line?aire 615 6$aOptique quantique 615 7$aNonlinear optics. 615 7$aQuantum optics. 676 $a545.2 801 0$bOCLCS 801 1$bOCLCS 801 2$bNSD 801 2$bOCLCQ 801 2$bHEBIS 801 2$bOCLCQ 801 2$bOCLCF 801 2$bOCLCO 801 2$bVT2 801 2$bOCLCQ 801 2$bUEJ 801 2$bOCLCQ 906 $aJOURNAL 912 $a9910338747203321 996 $aNonlinear optics, quantum optics$92044881 997 $aUNINA